000 00565nam a22001937a 4500
999 _c6250
_d6250
003 AR-CdUCM
008 190314b ||||| |||| 00| 0 spa d
040 _aMUNICIPALIDAD PROVINCIAL DEL CUSCO
_cBIBLIOTECA MUNICIPAL DEL CUSCO
082 _a869.56 /
_bS21
100 _aSanta Cruz, Nicomedes
_917987
245 _aCanto a mi Perú /
260 _aLima :
_bStudium ;
_c1966.
300 _a160 páginas ;
_c17cm
505 _aContenido: Poesía
650 _aPoesía peruana
_911982
650 _aLiteratura peruana
_97175
942 _2ddc
_cLIBROS
945 _anom